The Main Character Dies! Quiz Stats

 Plays Quiz Updated Oct 14, 2015

Challenge
Share
Tweet
Embed
Score 0/26 Timer 06:00
1 Play Today
% Correct
Braveheart
92.6%
The Curious Case of Benjamin Button
91.9%
Titanic
90.9%
Saving Private Ryan
88.3%
Gladiator
87.5%
One Flew Over the Cuckoo's Nest
84.2%
The Perfect Storm
83.5%
Thelma and Louise
82.9%
The Godfather, Part III
81.3%
Into the Wild
81.1%
Boys Don't Cry
76%
Groundhog Day
75.4%
Reservoir Dogs
75.2%
% Correct
The Sixth Sense
73.7%
Alien3
72.3%
Scarface
71.8%
Bonnie and Clyde
71.5%
The Wicker Man
70.8%
Pan's Labyrinth
70.4%
Cloverfield
69.8%
The Departed
69.1%
American Beauty
68.8%
Cool Hand Luke
63.4%
Donnie Darko
63.4%
The Shining
62.6%
Citizen Kane
60.1%

You're not logged in!

Compare scores with friends on all Sporcle quizzes.
OR
Log In

You Might Also Like...

Show Comments

Extras

Top Quizzes Today


Score Distribution

Your Account Isn't Verified!

In order to create a playlist on Sporcle, you need to verify the email address you used during registration. Go to your Sporcle Settings to finish the process.

Report this User

Report this user for behavior that violates our Community Guidelines.

Details: